000 00869nam a2200241 i 4500
001 134026
003 ES-MaACL
005 20230906194600.0
007 t|
008 070905s1970 sp |||| | spa d
080 _a338.98(04)
080 _a304
100 1 _aWard, Barbara.
_9116070
245 1 4 _aLos airados años setenta
_b: hacia la justicia social internacional /
_cBárbara Ward (Lady Jackson) ; presentación a la edición castellana por Manuel Funes Robert ; prólogo por Joseph Gremillion ; [traducción por Carlos Pascual Gil].
260 _aMadrid :
_bEuroamérica,
_c[1970]
300 _a180 p. ;
_c18 cm.
650 4 _aDesarrollo económico.
_9153584
650 1 4 _aJusticia social.
_914034
700 1 _aPascual, Carlos.
_989345
700 1 _aFunes Robert, Manuel.
_953028
700 1 _aGremillion, Joseph.
_959936
852 _aES-MaACL
_jC-46575
999 _c134026
_d134026